Normal view
MARC view
Entry Nome pessoal
001 - NÚMERO DE CONTROLE
- campo de controle: 957
003 - IDENTIFICADOR DO NÚMERO DE CONTROLE
- campo de controle: DLC
005 - DATA E HORÁRIO DA ÚLTIMA TRANSAÇÃO
- campo de controle: 20250627134313.0
008 - CAMPO DE DADOS FIXOS
- campo de controle de tamanho fixo: 830929n| acannaabn |n aaa
010 ## - NÚMERO DE CONTROLE DA LIBRARY OF CONGRESS
- Número de controle da LC: n 83149634
035 ## - NÚMERO DE CONTROLE DO SISTEMA
- Número de Controle do Sistema: (OCoLC)oca00977442
040 ## - FONTE DA CATALOGAÇÃO
- Instituição da catalogação original: DLC
- Idioma da catalogação: eng
- Instituição que transcreveu o registro: DLC
- Instituição que modificou o registro: OCoLC
- Instituição que modificou o registro: CSt
100 1# - CABEÇALHO--NOME PESSOAL
- Nome pessoal: Kardec, Alan
- Datas associadas ao nome: 1804- 1869
670 ## - FONTE POSITIVA DOS DADOS
- Citação da fonte positiva dos dados: His The book of divination, c1983:
- Dados encontrados na fonte localizada no subcampo: CIP t.p. (Alan Kardec)